La escuela como organización inteligente
Guardat en:
| Autor principal: | |
|---|---|
| Format: | Llibre |
| Idioma: | espanyol |
| Publicat: |
Buenos Aires
Troquel
1996
|
| Matèries: | |
| Etiquetes: |
Afegir etiqueta
Sense etiquetes, Sigues el primer a etiquetar aquest registre!
|
MARC
| LEADER | 00000nam a2200000 a 4500 | ||
|---|---|---|---|
| 001 | UCP6794 | ||
| 003 | CL-VaPUC | ||
| 008 | 991119e19960000AG |||||||||||||||||spa|d | ||
| 082 | 0 | 4 | |a 371.2 |b AGU |2 21 |
| 100 | 0 | |a Aguerrondo, Inés |e author |9 436083 | |
| 245 | 1 | 3 | |a La escuela como organización inteligente |
| 300 | |a 191 p | ||
| 942 | |c BK | ||
| 945 | |d 19991119 00:00:00 |a rbrito | ||
| 260 | |a Buenos Aires |b Troquel |c 1996 | ||
| 650 | 0 | |a Administración de la enseñanza |9 261034 | |
| 650 | 0 | |a Gestión educacional |9 261035 | |
| 650 | 0 | |a Planificación de la educación |9 307333 | |
| 650 | 0 | |a Educación básica |9 224933 | |
| 651 | 0 | |a Argentina |9 254888 | |
| 583 | |a last modification |c 20170427 01:51:04 |k Rodrigo Vera | ||
| 999 | |c 284229 |d 284227 | ||
| 952 | |0 0 |1 0 |4 0 |6 371_200000000000000_AGU_1996 |7 0 |8 P |9 328043 |a BIBEDU |b BIBEDU |c BIBEDU_PB |d 2019-11-20 |i 3577384 |o 371.2 AGU 1996 |p 3577384 |r 2024-01-25 |w 2019-11-20 |y BK |k EPE | ||